Panem et circenses: Terapia sentimental y control social en tiempos neoliberales /
El trabajo examina el discurso del y políticas del Banco Mundial (BM) sobre la diversidad cultural y su relación con la desigualdad social, especialmente en materia de educación, y señala algunas implicaciones para los distintos sectores y grupos socioculturales involucrados. Se considera particular...
Na minha lista:
| Autor principal: | |
|---|---|
| Outros Autores: | |
| Formato: | Texto |
| Idioma: | Spanish |
| Publicado em: |
Buenos Aires:
CLACSO
2007
|
| Assuntos: | |
| Tags: |
Adicionar Tag
Sem tags, seja o primeiro a adicionar uma tag!
|
MARC
| LEADER | 00000 a a2200000 04500 | ||
|---|---|---|---|
| 001 | 35952 | ||
| 003 | cru CIDCACS/IIS | ||
| 005 | 20230605112240.0 | ||
| 008 | 230605e2007 ag ||||| |||| 00| 0 spa d | ||
| 020 | |a 978-987-1183-69-2 | ||
| 040 | |c CRAI/IIS | ||
| 090 | |a 03.03.01 G865c | ||
| 100 | |a Colón, Eliseo |9 11413 | ||
| 245 | |a Panem et circenses: Terapia sentimental y control social en tiempos neoliberales / |c Eliseo Colón | ||
| 260 | |a Buenos Aires: |b CLACSO |c 2007 | ||
| 300 | |a 111-136 páginas | ||
| 520 | |a El trabajo examina el discurso del y políticas del Banco Mundial (BM) sobre la diversidad cultural y su relación con la desigualdad social, especialmente en materia de educación, y señala algunas implicaciones para los distintos sectores y grupos socioculturales involucrados. Se considera particularmente la visión institucional predominante del BM, lo que no supone que sus políticas y discursos no contengan fisuras y contradicciones o que no existan tensiones y conflictos hacia dentro de la institución. El análisis sugiere que el discurso y las políticas del BM referidas a la relación diversidad/desigualdad se apoyan en una lógica tecnocrática y pragmática y se fundamentan en una visión conservadora de la realidad social, a la vez que se adhieren a postulados liberales. Este estudio también muestra que en el sector educativo, los principios estratégicos y básicos del programa Neoliberal articulado por el BM no han sido ni abandonados ni desplazados a pesar de la retórica del Banco constituida a fines de los noventa a partir del llamado Consenso post-Washington. El BM resulta de particular interés debido a que es uno de los principales promotores del pensamiento único, uno de los actores centrales que participa en la instauración de la ideología neoliberal y la construcción de su agenda | ||
| 650 | |a NEOLIBERALISMO | ||
| 650 | |a CULTURA | ||
| 650 | |a DESIGUALDAD SOCIAL | ||
| 650 | |a EDUCACION | ||
| 650 | |a BANCO MUNDIAL | ||
| 700 | |a comp. | ||
| 773 | 0 | |0 13721 |9 9123 |a Grimson, Alejandro |d Buenos Aires: CLACSO 2007 |o 03627 |t Cultura y neoliberalismo / |w (cru CIDCACS/IIS)35952 |z 978-987-1183-69-2 | |
| 942 | |2 ddc |c LI |h 03.03.01 G865c |i 03627 |6 030301_G865C_03627 | ||
| 999 | |c 45033 |d 45033 | ||



